Statistiche per Città dell'Europeo Austria-Svizzera 2008

Clicka qui per fare il quiz!

Statistiche generali

  • Questo quiz è stato fatto 9 volte
  • Il punteggio medio è 7 su 8

Statistiche sulle risposte

Risposta% Corretto
Berna
100%
Ginevra
100%
Vienna
100%
Zurigo
100%
Basilea
88%
Salisburgo
88%
Innsbruck
75%
Klagenfurt
25%

Distribuzione punteggi

Percentile per numero di risposta

Percentuale di utenti per punteggio

I tuoi punteggi nel tempo

Non hai fatto questo quiz